000 00933cad a22002175a 4500
001 L149728
008 100415e20100403xxk 000 0 eng d
035 _a(Sirsi) u149728
041 0 _aeng
100 1 _aSlessenger, Emma
245 0 0 _aIs the AGA saga's goose truly cooked
260 _c2010
490 _aEstates Gazette
_v(1013) 3 April 2010, 74-76(3)
520 _a"Good Harvest Partnership LLP v Centaur Services Ltd" [2010] EWHC 330 (Ch) (L149727) clarifies the law on authorised guarantee agreements following a lawful assignment of a lease in accordance with Landlord and Tenant (Covenants) Act 1995. Considers its practical effects on parties to a lease.
590 _aKA
650 2 4 _aGOOD HARVEST PARTNERSHIP LLP V CENTAUR SERVICES LTD
650 2 4 _aLANDLORD AND TENANT (COVENANTS) ACT 1995
651 4 _aENGLAND AND WALES
690 _aPROPERTY-COMMERCIAL PROPERTY-COMMERCIAL LANDLORD AND TENANT
942 _n0
999 _c82265
_d82265